000 00723cam a2200229 4500
001 J264
008 090401t1988 xxu||||| |||| 00| 0 eng d
035 _a(Sirsi) u74135
041 _aeng
050 _a692.9
090 _aJCT 1988/18A
110 _aJoint Contracts Tribunal
_93664
245 _aJCT Standard Form of Nominated Sub-contract tender and agreement 1980 edition incorporating Amendments 1: 1986 and 2: 1987: NSC/1.
260 _aLondon
_bRIBA Publications Ltd.
_c1988
300 _a12p. in pad of 20 forms ; 30cm.
350 _a0
650 _aJCT STANDARD FORM OF CONTRACT 1980
650 _aSUBCONTRACTS
690 _aBUILT ENVIRONMENT-BUILDING CONTRACT FORMS
942 _n0
948 _c04/03/1997
999 _c95770
_d95770